| 000 | 00488cam a22001577a 4500 | ||
|---|---|---|---|
| 008 | 180718b2007 xxu||||| |||| 00| 0 eng d | ||
| 082 | _aJ7x54 D969 | ||
| 245 |
_aUrban development and housing in India, 1947 to 2007 _cedited by Rishi Muni Dwivedi |
||
| 260 |
_aNew Delhi _bNew Century _c2007 |
||
| 300 | _a457p. | ||
| 650 | _aHousing policy - India | ||
| 650 | _aUrban development - India | ||
| 650 | _aHousing - India | ||
| 650 | _aUrbanization - india | ||
| 700 | _aDwivedi, Rishi Muni | ||
| 999 |
_c407372 _d407372 |
||